000 00316nam a2200121Ia 4500
005 20260326100024.0
008 260326s9999||||xx |||||||||||||| ||und||
100 _aWhite, Norval
245 0 _aAIA Guide to New York City /
_cNorval White
260 _bThree Rivers Press
650 _aARQUITECTURA REGIONAL
942 _cBK
999 _c6300
_d6300